| 000 | 00614nam a2200205Ia 4500 | ||
|---|---|---|---|
| 003 | OSt | ||
| 005 | 20240903093521.0 | ||
| 008 | 210210b2003 xxu||||| |||| 00| 0 eng d | ||
| 020 | _a81 260 1689 2 | ||
| 040 | _cAL | ||
| 041 | _aKannada | ||
| 082 | _aK894.3 VASB | ||
| 100 |
_aVASUDEVAN NAYAR (M T). _dವಾಸುದೇವನ್ ನಾಯರ್ (ಎ೦ ಟಿ) _9178501 |
||
| 245 |
_aBhimayana. _bಭೀಮಾಯಣ. |
||
| 260 |
_aN D _bSahitya Akademi _c2003 |
||
| 650 |
_aRandamoozhamRandamuzham Randamuzham Raghavan, Si. _9178502 |
||
| 690 |
_aKannada Fictio _9178503 |
||
| 906 | _a06041 | ||
| 942 |
_2ddc _cBK |
||
| 999 |
_c107634 _d107634 |
||